[Event "ch-RUS Blitz 2017"]
[Site "Sochi RUS"]
[Date "2017.10.02"]
[Round "20.26"]
[White "Antonenko, Vladimir"]
[Black "Chekletsov, Ilya"]
[Result "1-0"]
[WhiteTitle "FM"]
[BlackTitle "FM"]
[WhiteElo "2330"]
[BlackElo "2372"]
[WhiteFideId "24159409"]
[BlackFideId "24177156"]
[EventDate "2017.10.02"]
[EventType "blitz"]

1. d4 Nf6 2. c4 e6 3. Nf3 b6 4. g3 Bb7 5. Bg2 Be7 6. O-O O-O 7. d5 exd5 8. Nh4
c6 9. cxd5 Nxd5 10. Nf5 Nc7 11. e4 d5 12. Nc3 Nba6 13. Re1 Bf6 14. exd5 cxd5 15.
Bf4 Qd7 16. Qg4 Kh8 17. Re7 Qc8 18. Bg5 Bxe7 19. Bxe7 Rg8 20. Nd6 Qe8 21. Nxe8
Rgxe8 22. Bd6 Rad8 23. Bxc7 Nxc7 24. Rd1 h6 25. Qf4 Re7 26. h4 Ba8 27. Kh2 Bc6
28. Rd2 Bb7 29. Qa4 a6 30. Qb4 Re6 31. Qf4 Re7 32. a3 Bc6 33. Qd4 b5 34. Qc5 Re6
35. Qb6 Rd7 36. Bh3 d4 37. Bxe6 dxc3 38. Rxd7 1-0

[Event "ch-RUS Blitz 2017"]
[Site "Sochi RUS"]
[Date "2017.10.02"]
[Round "20.27"]
[White "Ivlev, Aleksey"]
[Black "Rakhmanov, Aleksandr"]
[Result "0-1"]
[WhiteTitle "FM"]
[BlackTitle "GM"]
[WhiteElo "2259"]
[BlackElo "2669"]
[WhiteFideId "24185949"]
[BlackFideId "4173708"]
[EventDate "2017.10.02"]
[EventType "blitz"]

1. d4 Nf6 2. c4 d6 3. Nc3 e5 4. Nf3 e4 5. Ng5 Qe7 6. g3 h6 7. Nh3 c6 8. Bg2 Bf5
9. e3 g5 10. Ng1 Bg7 11. Nge2 Nbd7 12. b3 a6 13. a4 O-O 14. Ba3 Rfe8 15. h4 Bg6
16. Qc2 Nf8 17. b4 Qd7 18. a5 d5 19. Na4 Rad8 20. Bh3 Qc7 21. hxg5 hxg5 22. cxd5
Nxd5 23. Nec3 Nxc3 24. Nxc3 Rxd4 25. exd4 e3 26. Bf5 exf2+ 27. Kd2 Qxg3 28. Ne2
Qe3+ 29. Kd1 Bxf5 30. Qd2 Qb3+ 31. Kc1 Rxe2 32. Qxe2 Qc3+ 33. Kd1 Qxa1+ 34. Bc1
Qa4+ 35. Kd2 Qc2+ 36. Ke3 Bxd4+ 37. Kxd4 0-1

[Event "ch-RUS Blitz 2017"]
[Site "Sochi RUS"]
[Date "2017.10.02"]
[Round "20.28"]
[White "Kobalia, Mikhail"]
[Black "Chos, Alexey"]
[Result "1-0"]
[WhiteTitle "GM"]
[BlackTitle "IM"]
[WhiteElo "2596"]
[BlackElo "2317"]
[WhiteFideId "4119150"]
[BlackFideId "14117762"]
[EventDate "2017.10.02"]
[EventType "blitz"]

1. e4 c5 2. Nf3 Nc6 3. Bb5 e6 4. O-O Nge7 5. d4 cxd4 6. Nxd4 a6 7. Nxc6 bxc6 8.
Bd3 d5 9. Nd2 Ng6 10. c4 Nf4 11. Bc2 Qg5 12. g3 Nh3+ 13. Kg2 Nf4+ 14. Kh1 Ng6
15. f4 Qd8 16. Ba4 Bb7 17. f5 Ne5 18. fxe6 fxe6 19. Qh5+ Ng6 20. exd5 exd5 21.
cxd5 Qa5 22. Re1+ Be7 23. Rxe7+ Kxe7 24. d6+ Kxd6 25. Qxa5 c5+ 26. Kg1 Ne5 27.
Qb6+ Bc6 28. Nc4+ Nxc4 29. Qxc6+ 1-0